Portrait de M. Pouget /

Obra que describe el retrato intelectual de Monseñor Pouget (1847-1933), religioso vicentino francés, poseedor de una amplia cultura, saber científico y actitud crítica, que influyó en el pensamiento de varios pensadores franceses como el propio autor Jean Guitton, Chevalier, Marcel, entre otros.

Guardado en:
Bibliografiske detaljer
Hovedforfatter: Guitton, Jean (autor)
Format: Bog
Sprog:fransk
Udgivet: París, Francia : Gallimard, 1941, c1941
Udgivelse:39a edición
Fag:
Tags: Tilføj Tag
Ingen Tags, Vær først til at tagge denne postø!

MARC

LEADER 00000nam^a2200000^a^4500
001 000349881
005 20250521000000.0
009 20260310114924.555
037 |a Acervo ITESO - Biblioteca 
041 |a FRA 
082 |a 255. 77  |b GUI 
100 |a Guitton, Jean  |e (autor) 
245 1 0 |a Portrait de M. Pouget /  |c J. Guitton. 
250 |a 39a edición 
264 4 |a París, Francia :  |b Gallimard,  |c 1941, c1941 
300 |a 264 p. 
336 |a texto  |b txt  |2 rdacontenido 
337 |a sin mediación  |b n  |2 rdamedio 
338 |a volumen  |b nc  |2 rdasoporte 
520 |a Obra que describe el retrato intelectual de Monseñor Pouget (1847-1933), religioso vicentino francés, poseedor de una amplia cultura, saber científico y actitud crítica, que influyó en el pensamiento de varios pensadores franceses como el propio autor Jean Guitton, Chevalier, Marcel, entre otros. 
649 |a XX 
650 |a Religiosos Franceses 
650 |a Intelectuales Franceses 
650 |a Jesucristo 
650 |a Diálogos Franceses 
650 |a Fe 
650 |a Razón 
650 |a Biblia -  |x Historia y Crítica 
650 |a Teología 
650 |a Cristianismo 
650 |a Filosofía y Religión 
650 |a Pouget, M. -  |x Tema Principal 
910 |a Fondo Ignacio Díaz Morales 
920 |a Impresos - Libros 
930 |a Arquitectos Jaliscienses 
905 |a 114 
901 |a 0500239917  |b IT1  |c JAL  |i D65909  |u 20250521 
902 |a https://opac.biblio.iteso.mx/vufind/Record/000349881